000 00585nam a2200193Ia 4500
003 IN-BaIIA
008 211028s9999 xx 000 0 eng d
020 _a0-201-50821-4
040 _cIIA Library
080 _a533
_bPAR
100 _aParks, George K.
_917574
245 0 _aPhysics of space plasmas
_ban introduction
_cGeorge K. Parks
260 _aCalifornia
_bAddison-Wesley
_c1991
300 _aix, 538p.
650 _aAstronomy and astrophysics thesaurus
650 _aPlasma physics
_93732
650 _aPlasmas
_91898
942 _cBK
999 _c10343
_d10343